| 000 | 00512nam a2200169Ia 4500 | ||
|---|---|---|---|
| 003 | SGT | ||
| 020 | _a9788120334526 | ||
| 082 |
_a4.6 _bKUN |
||
| 100 | _aKundu,Sudakshina | ||
| 245 | _aFundamentals of computer networks | ||
| 250 | _a2nd . Ed. | ||
| 260 |
_bPHI Learning Private Limited _aNew Delhi _c2008 |
||
| 300 | _a287p. | ||
| 650 | _aCOMPUTER SCIENCE | ||
| 653 | _aCOMPUTER NETWORKING -AN OVERVIEW, ELECTRONIC COMMUNICATION OF THE DIGITAL DATA INTERNET WORKING NETWORK APPLICATIONS | ||
| 942 |
_2ddc _cBK _015 |
||
| 999 |
_c5069 _d5069 |
||